000 00355nam a2200133Ia 4500
008 240624s9999 xx 000 0 und d
041 _aeng
082 _a658.4092 CON
100 _aCONGER JAY A
245 _aPRACTICE OF LEADERSHIP DEVELOPING THE NE
260 _c2007
_aSan Francisco
_bJossey-Bass
300 _axvii, : 402 : p. : cm. ; 23
365 _c
_b25
999 _c4740
_d4740